000
00320nam a2200133Ia 4500
008
231017s9999 xx 000 0 und d
082
_a
620.1128
082
_b
ETU
245
0
_a
Fatigue and Fracture Mechanics of Offshore Structures
245
0
_c
L.S. Etube
260
_b
L.S. Etube
300
_c
30cm
942
_c
REP
999
_c
603925
_d
603925